India's Struggle for Independence (Record no. 13851)

MARC details
000 -LEADER
fixed length control field 00504nam a22002057a 4500
003 - CONTROL NUMBER IDENTIFIER
control field OSt
008 - FIXED-LENGTH DATA ELEMENTS--GENERAL INFORMATION
fixed length control field 260224b |||||||| |||| 00| 0 eng d
020 ## - INTERNATIONAL STANDARD BOOK NUMBER
International Standard Book Number 9780140107814
082 ## - DEWEY DECIMAL CLASSIFICATION NUMBER
Classification number 954.03 CHI
100 ## - MAIN ENTRY--PERSONAL NAME
Personal name CHANDRA,Bipan
245 ## - TITLE STATEMENT
Title India's Struggle for Independence
250 ## - EDITION STATEMENT
Edition statement 1st Ed
260 ## - PUBLICATION, DISTRIBUTION, ETC. (IMPRINT)
Place of publication, distribution, etc New Delhi
Name of publisher, distributor, etc Penguin Books
Date of publication, distribution, etc 2016
300 ## - PHYSICAL DESCRIPTION
Extent 599p
700 ## - ADDED ENTRY--PERSONAL NAME
Personal name MUKHERJEE,Mridula
700 ## - ADDED ENTRY--PERSONAL NAME
Personal name MUKHERJEE,Aditya
700 ## - ADDED ENTRY--PERSONAL NAME
Personal name MAHAJAN,Sucheta
700 ## - ADDED ENTRY--PERSONAL NAME
Personal name PANIKKAR,KN
942 ## - ADDED ENTRY ELEMENTS (KOHA)
Source of classification or shelving scheme Dewey Decimal Classification
Koha item type Reference Books
Holdings
Withdrawn status Lost status Source of classification or shelving scheme Damaged status Not for loan Collection code Home library Current library Date acquired Source of acquisition Currency Cost, normal purchase price Bill Number Total Checkouts Full call number Acc. no. / Barcode Date last seen Actual Cost, discounted price Bill Date Koha item type Public note
    Dewey Decimal Classification     GENERAL PIET C-LIBRARY PIET C-LIBRARY 24/11/2025 Akinik Publisher INR 399.00 APINV2025191   954.03 CHI 39890 24/02/2026 339.15 24/11/2025 Reference Books Decentrilization

Design & Developed by: PIET Central Library
R70 Miles Stone Pattikalyana Samalkha Panipat 132102
mail ID :- [email protected], Phone No:- 0180-2569700 Ex.216